000 00414nam a2200157Ia 4500
008 210210b1999 xxu||||| |||| 00| 0 eng d
020 _a81 7371 160 7
082 _a530 EHRW
100 _aEHRLICH (Robert).
245 _aWhy toast lands jelly side down.
260 _aHyderabad
_bUniversities Press
_c1999
300 _axiv,196
650 _aZen Physics Demonstrations
690 _aPhysics
906 _aSG03755
999 _c114683
_d114683